<?xml version="1.0" encoding="UTF-8"?>
<record
    xmlns:xsi="http://www.w3.org/2001/XMLSchema-instance"
    xsi:schemaLocation="http://www.loc.gov/MARC21/slim http://www.loc.gov/standards/marcxml/schema/MARC21slim.xsd"
    xmlns="http://www.loc.gov/MARC21/slim">

  <leader>00676nam a22002297a 4500</leader>
  <datafield tag="999" ind1=" " ind2=" ">
    <subfield code="c">1693</subfield>
    <subfield code="d">1693</subfield>
  </datafield>
  <controlfield tag="001">17266</controlfield>
  <controlfield tag="003">BD-DhUAP</controlfield>
  <controlfield tag="005">20210124100505.0</controlfield>
  <controlfield tag="008">200212r20121980ii ||||| |||| 00| 0 eng d</controlfield>
  <datafield tag="040" ind1=" " ind2=" ">
    <subfield code="a">BD-DhUAP</subfield>
    <subfield code="b">Eng</subfield>
    <subfield code="c">BD-DhUAP</subfield>
    <subfield code="d">BD-DhUAP</subfield>
  </datafield>
  <datafield tag="082" ind1=" " ind2=" ">
    <subfield code="2">23</subfield>
    <subfield code="a">347.5406 SIN</subfield>
  </datafield>
  <datafield tag="100" ind1=" " ind2=" ">
    <subfield code="a">Singh, K. K.</subfield>
  </datafield>
  <datafield tag="245" ind1=" " ind2=" ">
    <subfield code="a">The Indian evidence act, 1872 :</subfield>
    <subfield code="b">act no. 1 of 1872 /</subfield>
    <subfield code="c">K. K. Singh and H. P. Gupta.</subfield>
  </datafield>
  <datafield tag="250" ind1=" " ind2=" ">
    <subfield code="a">2nd ed.</subfield>
  </datafield>
  <datafield tag="260" ind1=" " ind2=" ">
    <subfield code="a">Lucknow :</subfield>
    <subfield code="b">Eastern book co.,</subfield>
    <subfield code="c">c1980 [Reprinted 2012].</subfield>
  </datafield>
  <datafield tag="300" ind1=" " ind2=" ">
    <subfield code="a">xxvi, 396 pages ;</subfield>
    <subfield code="c">24 cm.</subfield>
  </datafield>
  <datafield tag="500" ind1=" " ind2=" ">
    <subfield code="a">Includes index.</subfield>
  </datafield>
  <datafield tag="650" ind1=" " ind2=" ">
    <subfield code="a">Indian Evidence Act.</subfield>
  </datafield>
  <datafield tag="650" ind1=" " ind2=" ">
    <subfield code="a">Evidence (Law).</subfield>
  </datafield>
  <datafield tag="700" ind1=" " ind2=" ">
    <subfield code="a">Gupta, H. P. </subfield>
  </datafield>
  <datafield tag="942" ind1=" " ind2=" ">
    <subfield code="2">ddc</subfield>
    <subfield code="c">BK</subfield>
  </datafield>
  <datafield tag="952" ind1=" " ind2=" ">
    <subfield code="0">0</subfield>
    <subfield code="1">0</subfield>
    <subfield code="2">ddc</subfield>
    <subfield code="4">0</subfield>
    <subfield code="7">0</subfield>
    <subfield code="a">UAPCL</subfield>
    <subfield code="b">UAPCL</subfield>
    <subfield code="c">General Stacks</subfield>
    <subfield code="d">2020-02-12</subfield>
    <subfield code="l">2</subfield>
    <subfield code="o">347.5406 SIN</subfield>
    <subfield code="p">3010017266</subfield>
    <subfield code="q">2025-04-05</subfield>
    <subfield code="r">2025-03-06</subfield>
    <subfield code="s">2025-03-06</subfield>
    <subfield code="t">1</subfield>
    <subfield code="w">2020-02-12</subfield>
    <subfield code="y">BK</subfield>
  </datafield>
  <datafield tag="952" ind1=" " ind2=" ">
    <subfield code="0">0</subfield>
    <subfield code="1">0</subfield>
    <subfield code="2">ddc</subfield>
    <subfield code="4">0</subfield>
    <subfield code="7">0</subfield>
    <subfield code="a">UAPCL</subfield>
    <subfield code="b">UAPCL</subfield>
    <subfield code="c">General Stacks</subfield>
    <subfield code="d">2020-02-12</subfield>
    <subfield code="l">16</subfield>
    <subfield code="m">6</subfield>
    <subfield code="o">347.5406 SIN</subfield>
    <subfield code="p">3010017267</subfield>
    <subfield code="q">2026-05-14</subfield>
    <subfield code="r">2026-04-01</subfield>
    <subfield code="s">2026-04-01</subfield>
    <subfield code="t">2</subfield>
    <subfield code="w">2020-02-12</subfield>
    <subfield code="y">BK</subfield>
  </datafield>
  <datafield tag="952" ind1=" " ind2=" ">
    <subfield code="0">0</subfield>
    <subfield code="1">0</subfield>
    <subfield code="2">ddc</subfield>
    <subfield code="4">0</subfield>
    <subfield code="7">0</subfield>
    <subfield code="a">UAPCL</subfield>
    <subfield code="b">UAPCL</subfield>
    <subfield code="c">General Stacks</subfield>
    <subfield code="d">2020-02-12</subfield>
    <subfield code="l">10</subfield>
    <subfield code="m">7</subfield>
    <subfield code="o">347.5406 SIN</subfield>
    <subfield code="p">3010017263</subfield>
    <subfield code="q">2026-03-04</subfield>
    <subfield code="r">2026-02-17</subfield>
    <subfield code="s">2026-02-17</subfield>
    <subfield code="t">3</subfield>
    <subfield code="w">2020-02-12</subfield>
    <subfield code="y">BK</subfield>
  </datafield>
  <datafield tag="952" ind1=" " ind2=" ">
    <subfield code="0">0</subfield>
    <subfield code="1">0</subfield>
    <subfield code="2">ddc</subfield>
    <subfield code="4">0</subfield>
    <subfield code="7">0</subfield>
    <subfield code="a">UAPCL</subfield>
    <subfield code="b">UAPCL</subfield>
    <subfield code="c">General Stacks</subfield>
    <subfield code="d">2020-02-12</subfield>
    <subfield code="l">9</subfield>
    <subfield code="m">8</subfield>
    <subfield code="o">347.5406 SIN</subfield>
    <subfield code="p">3010017264</subfield>
    <subfield code="q">2026-05-21</subfield>
    <subfield code="r">2026-04-08</subfield>
    <subfield code="s">2026-04-08</subfield>
    <subfield code="t">4</subfield>
    <subfield code="w">2020-02-12</subfield>
    <subfield code="y">BK</subfield>
  </datafield>
  <datafield tag="952" ind1=" " ind2=" ">
    <subfield code="0">0</subfield>
    <subfield code="1">0</subfield>
    <subfield code="2">ddc</subfield>
    <subfield code="4">0</subfield>
    <subfield code="7">0</subfield>
    <subfield code="a">UAPCL</subfield>
    <subfield code="b">UAPCL</subfield>
    <subfield code="c">General Stacks</subfield>
    <subfield code="d">2020-02-12</subfield>
    <subfield code="l">3</subfield>
    <subfield code="m">3</subfield>
    <subfield code="o">347.5406 SIN</subfield>
    <subfield code="p">3010017265</subfield>
    <subfield code="r">2026-03-07</subfield>
    <subfield code="s">2026-02-23</subfield>
    <subfield code="t">5</subfield>
    <subfield code="w">2020-02-12</subfield>
    <subfield code="y">BK</subfield>
  </datafield>
  <datafield tag="952" ind1=" " ind2=" ">
    <subfield code="0">0</subfield>
    <subfield code="1">0</subfield>
    <subfield code="2">ddc</subfield>
    <subfield code="4">0</subfield>
    <subfield code="7">0</subfield>
    <subfield code="a">UAPCL</subfield>
    <subfield code="b">UAPCL</subfield>
    <subfield code="c">General Stacks</subfield>
    <subfield code="d">2020-02-12</subfield>
    <subfield code="l">4</subfield>
    <subfield code="m">2</subfield>
    <subfield code="o">347.5406 SIN</subfield>
    <subfield code="p">3010015245</subfield>
    <subfield code="r">2025-09-10</subfield>
    <subfield code="s">2025-08-21</subfield>
    <subfield code="t">6</subfield>
    <subfield code="w">2020-02-12</subfield>
    <subfield code="y">BK</subfield>
  </datafield>
  <datafield tag="952" ind1=" " ind2=" ">
    <subfield code="0">0</subfield>
    <subfield code="1">0</subfield>
    <subfield code="2">ddc</subfield>
    <subfield code="4">0</subfield>
    <subfield code="7">0</subfield>
    <subfield code="a">UAPCL</subfield>
    <subfield code="b">UAPCL</subfield>
    <subfield code="c">General Stacks</subfield>
    <subfield code="d">2020-02-12</subfield>
    <subfield code="o">347.5406 SIN</subfield>
    <subfield code="p">3010015244</subfield>
    <subfield code="r">2020-02-12</subfield>
    <subfield code="t">7</subfield>
    <subfield code="w">2020-02-12</subfield>
    <subfield code="y">BK</subfield>
  </datafield>
  <datafield tag="952" ind1=" " ind2=" ">
    <subfield code="0">0</subfield>
    <subfield code="1">0</subfield>
    <subfield code="2">ddc</subfield>
    <subfield code="4">0</subfield>
    <subfield code="7">0</subfield>
    <subfield code="a">UAPCL</subfield>
    <subfield code="b">UAPCL</subfield>
    <subfield code="c">General Stacks</subfield>
    <subfield code="d">2020-02-12</subfield>
    <subfield code="l">5</subfield>
    <subfield code="m">7</subfield>
    <subfield code="o">347.5406 SIN</subfield>
    <subfield code="p">3010017262</subfield>
    <subfield code="r">2025-09-25</subfield>
    <subfield code="s">2025-07-31</subfield>
    <subfield code="t">8</subfield>
    <subfield code="w">2020-02-12</subfield>
    <subfield code="y">BK</subfield>
  </datafield>
  <datafield tag="952" ind1=" " ind2=" ">
    <subfield code="0">0</subfield>
    <subfield code="1">0</subfield>
    <subfield code="2">ddc</subfield>
    <subfield code="4">0</subfield>
    <subfield code="7">0</subfield>
    <subfield code="a">UAPCL</subfield>
    <subfield code="b">UAPCL</subfield>
    <subfield code="c">General Stacks</subfield>
    <subfield code="d">2020-02-12</subfield>
    <subfield code="l">4</subfield>
    <subfield code="m">3</subfield>
    <subfield code="o">347.5406 SIN</subfield>
    <subfield code="p">3010015242</subfield>
    <subfield code="q">2026-06-13</subfield>
    <subfield code="r">2026-05-16</subfield>
    <subfield code="s">2026-05-16</subfield>
    <subfield code="t">9</subfield>
    <subfield code="w">2020-02-12</subfield>
    <subfield code="y">BK</subfield>
  </datafield>
  <datafield tag="952" ind1=" " ind2=" ">
    <subfield code="0">0</subfield>
    <subfield code="1">0</subfield>
    <subfield code="2">ddc</subfield>
    <subfield code="4">0</subfield>
    <subfield code="7">0</subfield>
    <subfield code="a">UAPCL</subfield>
    <subfield code="b">UAPCL</subfield>
    <subfield code="c">General Stacks</subfield>
    <subfield code="d">2020-02-12</subfield>
    <subfield code="l">8</subfield>
    <subfield code="m">4</subfield>
    <subfield code="o">347.5406 SIN</subfield>
    <subfield code="p">3010017268</subfield>
    <subfield code="q">2026-06-17</subfield>
    <subfield code="r">2026-05-06</subfield>
    <subfield code="s">2026-05-06</subfield>
    <subfield code="t">10</subfield>
    <subfield code="w">2020-02-12</subfield>
    <subfield code="y">BK</subfield>
  </datafield>
  <datafield tag="952" ind1=" " ind2=" ">
    <subfield code="0">0</subfield>
    <subfield code="1">0</subfield>
    <subfield code="2">ddc</subfield>
    <subfield code="4">0</subfield>
    <subfield code="7">0</subfield>
    <subfield code="a">UAPCL</subfield>
    <subfield code="b">UAPCL</subfield>
    <subfield code="c">General Stacks</subfield>
    <subfield code="d">2020-02-12</subfield>
    <subfield code="l">4</subfield>
    <subfield code="o">347.5406 SIN</subfield>
    <subfield code="p">3010015246</subfield>
    <subfield code="r">2026-05-13</subfield>
    <subfield code="s">2026-05-04</subfield>
    <subfield code="t">11</subfield>
    <subfield code="w">2020-02-12</subfield>
    <subfield code="y">BK</subfield>
  </datafield>
  <datafield tag="952" ind1=" " ind2=" ">
    <subfield code="0">0</subfield>
    <subfield code="1">0</subfield>
    <subfield code="2">ddc</subfield>
    <subfield code="4">0</subfield>
    <subfield code="7">0</subfield>
    <subfield code="a">UAPCL</subfield>
    <subfield code="b">UAPCL</subfield>
    <subfield code="c">General Stacks</subfield>
    <subfield code="d">2020-02-12</subfield>
    <subfield code="l">4</subfield>
    <subfield code="m">1</subfield>
    <subfield code="o">347.5406 SIN</subfield>
    <subfield code="p">3010015243</subfield>
    <subfield code="r">2024-10-23</subfield>
    <subfield code="s">2024-10-22</subfield>
    <subfield code="t">12</subfield>
    <subfield code="w">2020-02-12</subfield>
    <subfield code="y">BK</subfield>
  </datafield>
</record>
